[Event "Foment Martinenc op-C 21st"]
[Site "Barcelona"]
[Date "2019.05.18"]
[Round "4"]
[White "Larios Ongay, Eloi"]
[Black "Cots Rodriguez, Alvaro"]
[Result "0-1"]
[WhiteElo "1388"]
[BlackElo "1557"]
[PlyCount "52"]
[EventDate "2019.04.27"]
[EventType "swiss"]
[EventRounds "9"]
[EventCountry "ESP"]
[SourceTitle "EXT 2020"]
[Source "ChessBase"]
[SourceDate "2019.10.17"]
[SourceVersion "1"]
[SourceVersionDate "2019.10.17"]
[SourceQuality "1"]

1. e4 c6 2. d4 d5 3. Nc3 dxe4 4. Nxe4 Bf5 5. Nc5 e6 6. Nf3 Nf6 7. Bc4 Bxc5 8. 0-0 0-0 9. Ng5 h6 10. Nf3 Qd6 11. dxc5 Qxd1 12. Rxd1 Nbd7 13. Bf4 Nxc5 14. Rd2 Rfd8 15. Rad1 Rd7 16. Ne5 Rxd2 17. Rxd2 Nce4 18. Rd4 c5 19. Rd3 g5 20. Be3 Ne8 21. Bxc5 Nxc5 22. Rh3 Bxh3 23. gxh3 Rd8 24. Ng4 Kg7 25. b4 Ne4 26. f3 Nd2 0-1

[Event "Foment Martinenc op-C 20th"]
[Site "Barcelona"]
[Date "2018.05.26"]
[Round "6"]
[White "Cots Rodriguez, Alvaro"]
[Black "Navarro Moya, Piedad"]
[Result "0-1"]
[WhiteElo "1660"]
[BlackElo "1586"]
[PlyCount "64"]
[EventDate "2018.04.21"]
[EventType "swiss"]
[EventRounds "9"]
[EventCountry "ESP"]
[SourceTitle "CBM 184 Extra"]
[Source "ChessBase"]
[SourceDate "2018.06.28"]
[SourceVersion "1"]
[SourceVersionDate "2018.06.28"]
[SourceQuality "1"]

1. e4 e5 2. Nf3 Nc6 3. Bc4 Be7 4. 0-0 Nf6 5. Nc3 0-0 6. d3 d6 7. Bg5 Bg4 8. h3 Bd7 9. Nd5 Nxd5 10. Bxd5 Bxg5 11. h4 Bxh4 12. Nxh4 Qxh4 13. Qf3 Nd4 14. Qd1 Bg4 15. f3 Bh5 16. Bxb7 Rab8 17. Qe1 Qxe1 18. Rfxe1 Nxc2 19. Kf2 Nxa1 20. Rxa1 Rxb7 21. b3 Bg6 22. g4 h6 23. Rb1 Bh7 24. b4 g6 25. Kg3 f5 26. gxf5 gxf5 27. a4 a6 28. b5 axb5 29. axb5 Ra8 30. f4 fxe4 31. dxe4 Bxe4 32. Kg4 Bxb1 0-1

[Event "Foment Martinenc op-C 20th"]
[Site "Barcelona"]
[Date "2018.04.21"]
[Round "1"]
[White "Montilla Rodriguez, Jose Luis"]
[Black "Cots Rodriguez, Alvaro"]
[Result "1-0"]
[WhiteElo "1792"]
[BlackElo "1660"]
[PlyCount "61"]
[EventDate "2018.04.21"]
[EventType "swiss"]
[EventRounds "9"]
[EventCountry "ESP"]
[SourceTitle "CBM 184 Extra"]
[Source "ChessBase"]
[SourceDate "2018.06.28"]
[SourceVersion "1"]
[SourceVersionDate "2018.06.28"]
[SourceQuality "1"]

1. e4 e5 2. Nf3 Nc6 3. a3 Nf6 4. Bc4 Bc5 5. d3 0-0 6. 0-0 d6 7. h3 h6 8. Nc3 Bd7 9. Na4 b6 10. c3 Na5 11. b4 Nxc4 12. bxc5 b5 13. dxc4 bxa4 14. cxd6 Nxe4 15. Nxe5 cxd6 16. Nxd7 Qxd7 17. Qd3 Rfe8 18. Re1 Qf5 19. f3 Qc5+ 20. Be3 Qf5 21. fxe4 Qe5 22. Bd4 Qf4 23. Re3 f6 24. Rf1 Qg5 25. Rff3 Re6 26. Bxf6 Rxf6 27. Rxf6 Qxf6 28. Qd5+ Kh7 29. Qxa8 Qe7 30. Qd5 a6 31. Rf3 1-0